{"text_format":"3","workbook":"xlsx","n_sheets":7,"sheets":["扉-3 投标总价扉页","表-04 单位工程投标报价汇总表","表-08 分部分项工程和单价措施项目清单与计价表","表-11 总价措施项目清单与计价表","表-13 规费、税金项目清单与计价表","蒙-12 单位工程人材机价差表","蒙-8 分部分项工程量清单综合单价分析表（带子目）"],"read":"whole","date_system":"1900"}

{"sheet":"扉-3 投标总价扉页","index":0,"n_rows":15,"n_cols":5,"rows_kept":15,"merged":[[0,0,0,2],[1,0,1,2],[2,0,2,1],[2,2,2,4],[3,0,3,1],[3,2,3,4],[4,0,4,1],[4,2,4,4],[5,0,5,1],[5,2,5,4],[6,2,6,4],[7,2,7,4],[8,2,8,4],[9,2,9,4],[10,0,10,1],[10,2,10,4],[11,2,11,4],[12,0,12,1],[12,2,12,4],[13,2,13,4],[14,0,14,2]]}
[]
[{"$nulls":3},"预  算  总  价"]
[]
["工  程   名  称：",null,"植物园漂流钢结构加固维修工程"]
["预算总价（小写）：",null,"416724"]
["        （大写）：",null,"肆拾壹万陆仟柒佰贰拾肆元整"]
[]
["编制单位："]
[null,null,"(单位盖章)"]
["审核人："]
[null,null,"(签字或盖章)"]
["编  制  人："]
[null,null,"(造价人员签字盖章)"]
["时    间：",null,"     年     月     日"]
[{"$nulls":4},"扉—3"]

{"sheet":"表-04 单位工程投标报价汇总表","index":1,"n_rows":37,"n_cols":6,"rows_kept":37,"merged":[[0,0,0,3],[0,4,0,5],[1,0,1,5],[2,0,2,1],[2,2,2,3],[2,4,2,5],[3,1,3,2],[3,3,3,4],[4,1,4,2],[4,3,4,4],[5,1,5,2],[5,3,5,4],[6,1,6,2],[6,3,6,4],[7,1,7,2],[7,3,7,4],[8,1,8,2],[8,3,8,4],[9,1,9,2],[9,3,9,4],[10,1,10,2],[10,3,10,4],[11,1,11,2],[11,3,11,4],[12,1,12,2],[12,3,12,4],[13,1,13,2],[13,3,13,4],[14,1,14,2],[14,3,14,4],[15,1,15,2],[15,3,15,4],[16,1,16,2],[16,3,16,4],[17,1,17,2],[17,3,17,4],[18,1,18,2],[18,3,18,4],[19,1,19,2],[19,3,19,4],[20,1,20,2],[20,3,20,4],[21,1,21,2],[21,3,21,4],[22,1,22,2],[22,3,22,4],[23,1,23,2],[23,3,23,4],[24,1,24,2],[24,3,24,4],[25,1,25,2],[25,3,25,4],[26,1,26,2],[26,3,26,4],[27,1,27,2],[27,3,27,4],[28,1,28,2],[28,3,28,4],[29,1,29,2],[29,3,29,4],[30,1,30,2],[30,3,30,4],[31,1,31,2],[31,3,31,4],[32,1,32,2],[32,3,32,4],[33,1,33,2],[33,3,33,4],[34,0,34,2],[34,3,34,4],[35,0,35,5],[36,0,36,1],[36,2,36,3],[36,4,36,5]]}
[]
["单位工程投标报价汇总表"]
["工程名称：植物园漂流钢结构加固维修工程",null,"  标段：",null,"第  1  页  共  1  页"]
["序号","汇总内容",null,"金额(元)",null,"其中：暂估价（元）"]
["1","分部分项工程",null,"303154.71",null,"0"]
["1.1","钢结构工程",null,186968.07]
["1.2","焊接工程",null,116186.64]
["2","措施项目",null,"69977.45"]
["2.1","  其中：安全文明施工费",null,7022.14]
["3","其他项目"]
["3.1","  其中：暂列金额"]
["3.2","  其中：专业工程暂估价"]
["3.3","  其中：计日工"]
["3.4","  其中：总承包服务费"]
["4","规费",null,31454.63]
["5","税金",null,12137.6]
{"$rows_empty":18}
["投标报价合计=1+2+3+4+5",null,null,"416,724.39",null,"0"]
["注：本表适用于单位工程招标控制价或投标报价的汇总，如无单位工程划分，单项工程也使用本表汇总"]
[{"$nulls":4},"表—04"]

{"sheet":"表-08 分部分项工程和单价措施项目清单与计价表","index":2,"n_rows":39,"n_cols":14,"rows_kept":39,"merged":[[0,0,0,10],[0,11,0,13],[1,0,1,13],[2,0,2,5],[2,6,2,10],[2,11,2,13],[3,0,5,0],[3,1,5,2],[3,3,5,4],[3,5,5,6],[3,7,5,7],[3,8,5,9],[3,10,3,13],[4,10,5,11],[4,12,5,12],[6,1,6,2],[6,3,6,4],[6,5,6,6],[6,8,6,9],[6,10,6,11],[7,1,7,2],[7,3,7,4],[7,5,7,6],[7,8,7,9],[7,10,7,11],[8,1,8,2],[8,3,8,4],[8,5,8,6],[8,8,8,9],[8,10,8,11],[9,1,9,2],[9,3,9,4],[9,5,9,6],[9,8,9,9],[9,10,9,11],[10,1,10,2],[10,3,10,4],[10,5,10,6],[10,8,10,9],[10,10,10,11],[11,1,11,2],[11,3,11,4],[11,5,11,6],[11,8,11,9],[11,10,11,11],[12,1,12,2],[12,3,12,4],[12,5,12,6],[12,8,12,9],[12,10,12,11],[13,1,13,2],[13,3,13,4],[13,5,13,6],[13,8,13,9],[13,10,13,11],[14,1,14,2],[14,3,14,4],[14,5,14,6],[14,8,14,9],[14,10,14,11],[15,1,15,2],[15,3,15,4],[15,5,15,6],[15,8,15,9],[15,10,15,11],[16,1,16,2],[16,3,16,4],[16,5,16,6],[16,8,16,9],[16,10,16,11],[17,1,17,2],[17,3,17,4],[17,5,17,6],[17,8,17,9],[17,10,17,11],[18,1,18,2],[18,3,18,4],[18,5,18,6],[18,8,18,9],[18,10,18,11],[19,1,19,2],[19,3,19,4],[19,5,19,6],[19,8,19,9],[19,10,19,11],[20,1,20,2],[20,3,20,4],[20,5,20,6],[20,8,20,9],[20,10,20,11],[21,1,21,2],[21,3,21,4],[21,5,21,6],[21,8,21,9],[21,10,21,11],[22,1,22,2],[22,3,22,4],[22,5,22,6],[22,8,22,9],[22,10,22,11],[23,1,23,2],[23,3,23,4],[23,5,23,6],[23,8,23,9],[23,10,23,11],[24,1,24,2],[24,3,24,4],[24,5,24,6],[24,8,24,9],[24,10,24,11],[25,1,25,2],[25,3,25,4],[25,5,25,6],[25,8,25,9],[25,10,25,11],[26,1,26,2],[26,3,26,4],[26,5,26,6],[26,8,26,9],[26,10,26,11],[27,1,27,2],[27,3,27,4],[27,5,27,6],[27,8,27,9],[27,10,27,11],[28,1,28,2],[28,3,28,4],[28,5,28,6],[28,8,28,9],[28,10,28,11],[29,1,29,2],[29,3,29,4],[29,5,29,6],[29,8,29,9],[29,10,29,11],[30,1,30,2],[30,3,30,4],[30,5,30,6],[30,8,30,9],[30,10,30,11],[31,1,31,2],[31,3,31,4],[31,5,31,6],[31,8,31,9],[31,10,31,11],[32,1,32,2],[32,3,32,4],[32,5,32,6],[32,8,32,9],[32,10,32,11],[33,1,33,2],[33,3,33,4],[33,5,33,6],[33,8,33,9],[33,10,33,11],[34,1,34,2],[34,3,34,4],[34,5,34,6],[34,8,34,9],[34,10,34,11],[35,0,35,11],[36,0,36,11],[37,0,37,13],[38,0,38,1],[38,2,38,3],[38,4,38,5],[38,6,38,8],[38,9,38,10],[38,11,38,13]]}
[]
["分部分项工程和单价措施项目清单与计价表"]
["工程名称：植物园漂流钢结构加固维修工程",{"$nulls":5},"标段：",{"$nulls":4},"第  1  页  共  1  页"]
["序号","项目编码",null,"项目名称",null,"项目特征描述",null,"计量单位","工程量",null,"金额（元）"]
[{"$nulls":10},"综合单价",null,"合价","其中"]
[{"$nulls":13},"暂估价"]
[{"$nulls":3},"钢结构工程"]
[1,"010606001001",null,"钢支撑、钢拉条",null,"钢支撑，镀锌方钢100*50*4mm",null,"t",23.403,null,7950.74,null,186071.17]
[2,"011707001001",null,"汽油发电机",null,"汽油发电机",null,"台班",5,null,179.38,null,896.9]
[{"$nulls":3},"分部小计",{"$nulls":8},186968.07]
[{"$nulls":3},"焊接工程"]
[3,"040303002001",null,"混凝土基础",null,"漂流滑道独立基础\n挖土方、支模板、打C30混凝土",null,"m3",0.5,null,791.46,null,395.73]
[4,"010603003001",null,"钢管柱",null,"钢柱110*4mm",null,"t",0.084,null,8629.52,null,724.88]
[5,"040303002002",null,"混凝土基础",null,"吊桥独立加固\n支模板、打C30混凝土",null,"m3",1.4,null,538.56,null,753.98]
[6,"010604001001",null,"钢梁",null,"吊桥下加固一根钢梁，规格：200*200*4mm",null,"t",0.074,null,6825.27,null,505.07]
[7,"010606013001",null,"钢结构加固",null,"原钢结构焊点进行满焊加固",null,"t",60.982,null,1831.04,null,111660.48]
[8,"011103004001",null,"卷材",null,"防火毯预防明火",null,"套",10,null,60,null,600]
[9,"011707004001",null,"人工",null,"人工现场预防明火",null,"工日",10,null,154.65,null,1546.5]
[{"$nulls":3},"分部小计",{"$nulls":8},116186.64]
[{"$nulls":3},"措施项目"]
[10,"011701003001",null,"移动手架",null,"钢结构制作安装移动脚手架",null,"m2",17100,null,3.62,null,61902]
[{"$nulls":3},"分部小计",{"$nulls":8},61902]
{"$rows_empty":13}
["本页小计",{"$nulls":11},365056.71]
["合   计",{"$nulls":11},365056.71]
["注：为计取规费等的使用，可在表中增设其中：“定额人工费”"]
[{"$nulls":11},"表—08"]

{"sheet":"表-11 总价措施项目清单与计价表","index":3,"n_rows":29,"n_cols":14,"rows_kept":29,"merged":[[0,0,0,10],[0,11,0,13],[1,0,1,13],[2,0,2,4],[2,5,2,10],[2,11,2,13],[3,1,3,2],[3,3,3,5],[3,8,3,9],[3,10,3,11],[4,1,4,2],[4,3,4,5],[4,8,4,9],[4,10,4,11],[5,1,5,2],[5,3,5,5],[5,8,5,9],[5,10,5,11],[6,1,6,2],[6,3,6,5],[6,8,6,9],[6,10,6,11],[7,1,7,2],[7,3,7,5],[7,8,7,9],[7,10,7,11],[8,1,8,2],[8,3,8,5],[8,8,8,9],[8,10,8,11],[9,1,9,2],[9,3,9,5],[9,8,9,9],[9,10,9,11],[10,1,10,2],[10,3,10,5],[10,8,10,9],[10,10,10,11],[11,1,11,2],[11,3,11,5],[11,8,11,9],[11,10,11,11],[12,1,12,2],[12,3,12,5],[12,8,12,9],[12,10,12,11],[13,1,13,2],[13,3,13,5],[13,8,13,9],[13,10,13,11],[14,1,14,2],[14,3,14,5],[14,8,14,9],[14,10,14,11],[15,1,15,2],[15,3,15,5],[15,8,15,9],[15,10,15,11],[16,1,16,2],[16,3,16,5],[16,8,16,9],[16,10,16,11],[17,1,17,2],[17,3,17,5],[17,8,17,9],[17,10,17,11],[18,1,18,2],[18,3,18,5],[18,8,18,9],[18,10,18,11],[19,1,19,2],[19,3,19,5],[19,8,19,9],[19,10,19,11],[20,1,20,2],[20,3,20,5],[20,8,20,9],[20,10,20,11],[21,1,21,2],[21,3,21,5],[21,8,21,9],[21,10,21,11],[22,1,22,2],[22,3,22,5],[22,8,22,9],[22,10,22,11],[23,1,23,2],[23,3,23,5],[23,8,23,9],[23,10,23,11],[24,1,24,2],[24,3,24,5],[24,8,24,9],[24,10,24,11],[25,0,25,7],[25,8,25,9],[25,10,25,11],[26,0,26,3],[26,5,26,8],[26,9,26,13],[27,0,27,13],[28,0,28,1],[28,2,28,3],[28,5,28,8],[28,9,28,10],[28,11,28,13]]}
[]
["总价措施项目清单与计价表"]
["工程名称：植物园漂流钢结构加固维修工程",{"$nulls":4},"标段：",{"$nulls":5},"第  1  页  共  1  页"]
["序号","项目编码",null,"项目名称",null,null,"计算基础","费率(%)","金额(元)",null,"调整费率(%)",null,"调整后金额(元)","备注"]
["1","050405001",null,"安全文明施工费",{"$nulls":4},7022.14]
["1.1","050405001001",null,"安全文明施工与环境保护费",null,null,"分部分项人工费+技术措施项目人工费","2",3511.07]
["1.2","050405001002",null,"临时设施费",null,null,"分部分项人工费+技术措施项目人工费","2",3511.07]
["2","050405005001",null,"雨季施工增加费",null,null,"分部分项人工费+技术措施项目人工费","0.5",877.76]
["3","050405007001",null,"已完工程及设备保护费",null,null,"分部分项人工费+技术措施项目人工费","0"]
["4","05B001",null,"工程定位复测费",null,null,"分部分项人工费+技术措施项目人工费","0"]
["5","050405004001",null,"二次搬运费",null,null,"分部分项人工费+技术措施项目人工费","0.1",175.55]
["6","05B002",null,"特殊地区施工增加费",null,null,"分部分项人工费+技术措施项目人工费","0"]
["7","050405002001",null,"夜间施工增加费"]
["8","050405002002",null,"白天在地下室施工增加费"]
["9","050405005002",null,"冬季施工增加费"]
{"$rows_empty":10}
["合    计",{"$nulls":7},8075.45]
["编制人（造价人员）：",{"$nulls":8},"复核人（造价工程师）："]
["注：1.“计算基础”中安全文明施工费可为“定额基价”、“定额人工费”或“定额人工费+定额机械费”，其他项目可为“定额人工费”或“定额人工费+定额机械费”。\n    2.按施工方案计算的措施费，若无“计算基础”和“费率”的数值，也可只填“金额”数值，但应在备注栏说明施工方案出处或计算方法。"]
[{"$nulls":11},"表-11"]

{"sheet":"表-13 规费、税金项目清单与计价表","index":4,"n_rows":32,"n_cols":11,"rows_kept":32,"merged":[[0,0,0,7],[0,8,0,10],[1,0,1,10],[2,0,2,3],[2,4,2,7],[2,8,2,10],[3,1,3,4],[3,5,3,6],[3,7,3,8],[4,1,4,4],[4,5,4,6],[4,7,4,8],[5,1,5,4],[5,5,5,6],[5,7,5,8],[6,1,6,4],[6,5,6,6],[6,7,6,8],[7,1,7,4],[7,5,7,6],[7,7,7,8],[8,1,8,4],[8,5,8,6],[8,7,8,8],[9,1,9,4],[9,5,9,6],[9,7,9,8],[10,1,10,4],[10,5,10,6],[10,7,10,8],[11,1,11,4],[11,5,11,6],[11,7,11,8],[12,1,12,4],[12,5,12,6],[12,7,12,8],[13,1,13,4],[13,5,13,6],[13,7,13,8],[14,1,14,4],[14,5,14,6],[14,7,14,8],[15,1,15,4],[15,5,15,6],[15,7,15,8],[16,1,16,4],[16,5,16,6],[16,7,16,8],[17,1,17,4],[17,5,17,6],[17,7,17,8],[18,1,18,4],[18,5,18,6],[18,7,18,8],[19,1,19,4],[19,5,19,6],[19,7,19,8],[20,1,20,4],[20,5,20,6],[20,7,20,8],[21,1,21,4],[21,5,21,6],[21,7,21,8],[22,1,22,4],[22,5,22,6],[22,7,22,8],[23,1,23,4],[23,5,23,6],[23,7,23,8],[24,1,24,4],[24,5,24,6],[24,7,24,8],[25,1,25,4],[25,5,25,6],[25,7,25,8],[26,1,26,4],[26,5,26,6],[26,7,26,8],[27,1,27,4],[27,5,27,6],[27,7,27,8],[28,1,28,4],[28,5,28,6],[28,7,28,8],[29,0,29,9],[30,0,30,3],[30,4,30,5],[30,6,30,10],[31,0,31,1],[31,4,31,5],[31,6,31,7],[31,8,31,10]]}
[]
["规费、税金项目计价表"]
["工程名称：植物园漂流钢结构加固维修工程",{"$nulls":3},"标段：",{"$nulls":3},"第  1  页  共  1  页"]
["序号","项目名称",{"$nulls":3},"计算基础",null,"计算基数",null,"计算费率(%)","金额（元）"]
["1","规费",{"$nulls":3},"社会保险费+住房公积金+水利建设基金+环境保护税",null,31454.63,null,null,31454.63]
["1.1","社会保险费",{"$nulls":3},"养老失业保险+基本医疗保险+工伤保险+生育保险",null,24667.05,null,null,24667.05]
["(1)","养老失业保险",{"$nulls":3},"分部分项人工费+组织措施项目人工费+技术措施项目人工费+分部分项人工费调整+技术措施项目人工费调整",null,165550.69,null,"10.5",17382.82]
["(2)","基本医疗保险",{"$nulls":3},"分部分项人工费+组织措施项目人工费+技术措施项目人工费+分部分项人工费调整+技术措施项目人工费调整",null,165550.69,null,"3.7",6125.38]
["(3)","工伤保险",{"$nulls":3},"分部分项人工费+组织措施项目人工费+技术措施项目人工费+分部分项人工费调整+技术措施项目人工费调整",null,165550.69,null,"0.4",662.2]
["(4)","生育保险",{"$nulls":3},"分部分项人工费+组织措施项目人工费+技术措施项目人工费+分部分项人工费调整+技术措施项目人工费调整",null,165550.69,null,"0.3",496.65]
["1.2","住房公积金",{"$nulls":3},"分部分项人工费+组织措施项目人工费+技术措施项目人工费+分部分项人工费调整+技术措施项目人工费调整",null,165550.69,null,"3.7",6125.38]
["1.3","水利建设基金",{"$nulls":3},"分部分项人工费+组织措施项目人工费+技术措施项目人工费+分部分项人工费调整+技术措施项目人工费调整",null,165550.69,null,"0.4",662.2]
["1.4","环境保护税"]
["2","税金",{"$nulls":3},"税前工程造价",null,404586.79,null,"3",12137.6]
{"$rows_empty":15}
["合    计",{"$nulls":9},43592.23]
["编制人（造价人员）：",{"$nulls":5},"复核人（造价工程师）："]
[{"$nulls":8},"表-13"]

{"sheet":"蒙-12 单位工程人材机价差表","index":5,"n_rows":42,"n_cols":11,"rows_kept":42,"merged":[[0,0,0,10],[1,0,1,4],[1,5,1,7],[1,8,1,10],[2,4,2,5],[2,7,2,8],[3,4,3,5],[3,7,3,8],[4,4,4,5],[4,7,4,8],[5,4,5,5],[5,7,5,8],[6,4,6,5],[6,7,6,8],[7,4,7,5],[7,7,7,8],[8,4,8,5],[8,7,8,8],[9,4,9,5],[9,7,9,8],[10,4,10,5],[10,7,10,8],[11,4,11,5],[11,7,11,8],[12,4,12,5],[12,7,12,8],[13,4,13,5],[13,7,13,8],[14,4,14,5],[14,7,14,8],[15,4,15,5],[15,7,15,8],[16,4,16,5],[16,7,16,8],[17,4,17,5],[17,7,17,8],[18,4,18,5],[18,7,18,8],[19,4,19,5],[19,7,19,8],[20,4,20,5],[20,7,20,8],[21,4,21,5],[21,7,21,8],[22,4,22,5],[22,7,22,8],[23,4,23,5],[23,7,23,8],[24,4,24,5],[24,7,24,8],[25,4,25,5],[25,7,25,8],[26,4,26,5],[26,7,26,8],[27,4,27,5],[27,7,27,8],[28,4,28,5],[28,7,28,8],[29,4,29,5],[29,7,29,8],[30,4,30,5],[30,7,30,8],[31,4,31,5],[31,7,31,8],[32,4,32,5],[32,7,32,8],[33,4,33,5],[33,7,33,8],[34,4,34,5],[34,7,34,8],[35,4,35,5],[35,7,35,8],[36,4,36,5],[36,7,36,8],[37,4,37,5],[37,7,37,8],[38,4,38,5],[38,7,38,8],[39,4,39,5],[39,7,39,8],[40,4,40,5],[40,7,40,8],[41,0,41,9]]}
["单位工程人材机价差表"]
["工程名称:植物园漂流钢结构加固维修工程",{"$nulls":7},"第1页 共1页"]
["序号","名称","规格型号","单位","数量",null,"预算价","市场价",null,"价差","价差合计"]
[1,"角钢(综合)",null,"t",0.005994,null,3045.67,4670,null,1624.33,9.74]
[2,"焊接钢管综合",null,"t",23.251122,null,2610.58,5275,null,2664.42,61950.75]
[3,"电",null,"kw·h",0.84683,null,0.66,1.19,null,0.53,0.45]
[4,"水",null,"m3",0.31521,null,5.74,11.41,null,5.67,1.79]
[5,"预拌混凝土","C30","m3",1.919,null,289.74,370,null,80.26,154.02]
[6,"柴油",null,"kg",1.168432,null,7.2,8.795,null,1.595,1.86]
[7,"电",null,"kw·h","8225.169018",null,0.66,1.19,null,0.53,4359.34]
{"$rows_empty":31}
["合计",{"$nulls":9},66477.95]

{"sheet":"蒙-8 分部分项工程量清单综合单价分析表（带子目）","index":6,"n_rows":44,"n_cols":14,"rows_kept":44,"merged":[[0,0,0,13],[1,0,1,4],[1,5,1,8],[1,9,1,13],[2,0,3,0],[2,1,3,1],[2,2,3,2],[2,3,3,3],[2,4,3,5],[2,6,3,6],[2,7,3,7],[2,8,2,13],[3,8,3,9],[4,0,4,0],[4,1,4,1],[4,2,4,2],[4,4,4,5],[4,6,4,6],[4,8,4,9],[5,0,5,0],[5,2,5,2],[5,4,5,5],[5,6,5,6],[5,7,5,7],[5,8,5,9],[6,0,6,0],[6,2,6,2],[6,4,6,5],[6,6,6,6],[6,7,6,7],[6,8,6,9],[7,0,7,0],[7,1,7,1],[7,2,7,2],[7,4,7,5],[7,6,7,6],[7,8,7,9],[8,0,8,0],[8,2,8,2],[8,4,8,5],[8,6,8,6],[8,7,8,7],[8,8,8,9],[9,0,9,0],[9,1,9,1],[9,2,9,2],[9,4,9,5],[9,6,9,6],[9,8,9,9],[10,0,10,0],[10,2,10,2],[10,4,10,5],[10,6,10,6],[10,7,10,7],[10,8,10,9],[11,0,11,0],[11,2,11,2],[11,4,11,5],[11,6,11,6],[11,7,11,7],[11,8,11,9],[12,0,12,0],[12,2,12,2],[12,4,12,5],[12,6,12,6],[12,7,12,7],[12,8,12,9],[13,0,13,0],[13,1,13,1],[13,2,13,2],[13,4,13,5],[13,6,13,6],[13,8,13,9],[14,0,14,0],[14,2,14,2],[14,4,14,5],[14,6,14,6],[14,7,14,7],[14,8,14,9],[15,0,15,0],[15,2,15,2],[15,4,15,5],[15,6,15,6],[15,7,15,7],[15,8,15,9],[16,0,16,0],[16,1,16,1],[16,2,16,2],[16,4,16,5],[16,6,16,6],[16,8,16,9],[17,0,17,0],[17,2,17,2],[17,4,17,5],[17,6,17,6],[17,7,17,7],[17,8,17,9],[18,0,18,13],[19,0,19,4],[19,5,19,8],[19,9,19,13],[20,0,21,0],[20,1,21,1],[20,2,21,2],[20,3,21,3],[20,4,21,5],[20,6,21,6],[20,7,21,7],[20,8,20,13],[21,8,21,9],[22,0,22,0],[22,2,22,2],[22,4,22,5],[22,6,22,6],[22,7,22,7],[22,8,22,9],[23,0,23,0],[23,1,23,1],[23,2,23,2],[23,4,23,5],[23,6,23,6],[23,8,23,9],[24,0,24,0],[24,2,24,2],[24,4,24,5],[24,6,24,6],[24,7,24,7],[24,8,24,9],[25,0,25,0],[25,2,25,2],[25,4,25,5],[25,6,25,6],[25,7,25,7],[25,8,25,9],[26,0,26,0],[26,1,26,1],[26,2,26,2],[26,4,26,5],[26,6,26,6],[26,8,26,9],[27,0,27,0],[27,2,27,2],[27,4,27,5],[27,6,27,6],[27,7,27,7],[27,8,27,9],[28,0,28,0],[28,1,28,1],[28,2,28,2],[28,4,28,5],[28,6,28,6],[28,8,28,9],[29,0,29,0],[29,2,29,2],[29,4,29,5],[29,6,29,6],[29,7,29,7],[29,8,29,9],[30,0,30,0],[30,1,30,1],[30,2,30,2],[30,4,30,5],[30,6,30,6],[30,8,30,9],[31,0,31,0],[31,2,31,2],[31,4,31,5],[31,6,31,6],[31,7,31,7],[31,8,31,9],[32,0,32,0],[32,2,32,2],[32,4,32,5],[32,6,32,6],[32,7,32,7],[32,8,32,9],[33,0,33,0],[33,2,33,2],[33,4,33,5],[33,6,33,6],[33,7,33,7],[33,8,33,9],[34,0,34,0],[34,2,34,2],[34,4,34,5],[34,6,34,6],[34,7,34,7],[34,8,34,9],[35,0,35,0],[35,2,35,2],[35,4,35,5],[35,6,35,6],[35,7,35,7],[35,8,35,9],[36,0,36,0],[36,2,36,2],[36,4,36,5],[36,6,36,6],[36,7,36,7],[36,8,36,9],[37,0,37,0],[37,2,37,2],[37,4,37,5],[37,6,37,6],[37,7,37,7],[37,8,37,9],[38,0,38,0],[38,2,38,2],[38,4,38,5],[38,6,38,6],[38,7,38,7],[38,8,38,9],[39,0,39,0],[39,2,39,2],[39,4,39,5],[39,6,39,6],[39,7,39,7],[39,8,39,9],[40,0,40,0],[40,2,40,2],[40,4,40,5],[40,6,40,6],[40,7,40,7],[40,8,40,9],[41,0,41,0],[41,2,41,2],[41,4,41,5],[41,6,41,6],[41,7,41,7],[41,8,41,9],[42,0,42,0],[42,2,42,2],[42,4,42,5],[42,6,42,6],[42,7,42,7],[42,8,42,9],[43,4,43,5],[43,8,43,9]]}
["分部分项工程量清单综合单价分析表"]
["工程名称:植物园漂流钢结构加固维修工程",{"$nulls":4},"专业：园林绿化工程",{"$nulls":3},"第1页 共2页"]
["顺序号","项目编号(定额编号)","项目名称","单位","数量",null,"综合单价(元)","综合合价(元)","综合单价"]
[{"$nulls":8},"人工费",null,"材料费","机械费","管理费","利润"]
[1,"010606001001","钢支撑、钢拉条","t",23.403,null,7950.74,186071.17,1168.99,null,5922.55,476.62,212.55,170.03]
[null,"借6-18","金属结构制作 钢支撑(钢拉条) 钢管","t",23.403,null,7272.67,170202.3,819.37,null,5749.04,436.1,148.98,119.18]
[null,"借6-74 换","金属结构安装 钢支撑","t",23.403,null,678.07,15868.87,349.62,null,173.51,40.52,63.57,50.85]
[2,"011707001001","汽油发电机","台班",5,null,179.38,896.9,{"$nulls":3},179.38]
[null,"991001030","汽油发电机组","台班",5,null,179.38,896.9,{"$nulls":3},179.38]
[3,"040303002001","混凝土基础","m3",0.5,null,791.46,395.73,227.1,null,476.42,null,48.82,39.08]
[null,"借3-281 换","现浇混凝土构件 混凝土基础 混凝土 \u007f换为【预拌混凝土 C30】","m3",0.5,null,425.92,212.96,34.79,null,376.9,null,7.91,6.33]
[null,"借3-282","现浇混凝土构件 混凝土基础 模板","m2",4,null,42.74,170.94,21.5,null,12.44,null,4.89,3.91]
[null,"借1-1","人工挖一般土方 一、二类土 深度在2m以内","m3",0.5,null,23.66,11.83,20.34,{"$nulls":3},1.85,1.48]
[4,"010603003001","钢管柱","t",0.084,null,8629.52,724.88,1453.33,null,5827.5,873.1,264.29,211.43]
[null,"借6-12","金属结构制作 钢管柱","t",0.084,null,7707.11,647.4,1026.99,null,5672.93,671.08,186.73,149.38]
[null,"借6-57","钢柱安装 3t以内","t",0.084,null,922.39,77.48,426.37,null,154.51,201.97,77.52,62.02]
[5,"040303002002","混凝土基础","m3",1.4,null,538.56,753.98,91.45,null,409.69,null,20.79,16.63]
[null,"借3-281 换","现浇混凝土构件 混凝土基础 混凝土 \u007f换为【预拌混凝土 C30】","m3",1.4,null,425.92,596.29,34.79,null,376.9,null,7.91,6.33]
["分部分项工程量清单综合单价分析表"]
["工程名称:植物园漂流钢结构加固维修工程",{"$nulls":4},"专业：园林绿化工程",{"$nulls":3},"第2页 共2页"]
["顺序号","项目编号(定额编号)","项目名称","单位","数量",null,"综合单价(元)","综合合价(元)","综合单价"]
[{"$nulls":8},"人工费",null,"材料费","机械费","管理费","利润"]
[null,"借3-282","现浇混凝土构件 混凝土基础 模板","m2",3.69,null,42.74,157.7,21.5,null,12.44,null,4.89,3.91]
[6,"010604001001","钢梁","t",0.074,null,6825.27,505.07,1460.81,null,3722.97,1163.38,265.54,212.43]
[null,"借6-15","金属结构制作 焊接箱型 钢梁","t",0.074,null,5930.27,438.84,1165.41,null,3563.69,819.77,211.89,169.51]
[null,"借6-61","钢梁安装 1.5t以内","t",0.074,null,894.97,66.23,295.37,null,159.35,343.59,53.7,42.96]
[7,"010606013001","钢结构加固","t",60.982,null,1831.04,111660.48,1427.96,null,45.51,43.41,171.36,142.8]
[null,"借1-5-33 换","金属结构安装 零星钢构件、安装","t",60.982,null,1831.04,111660.48,1427.96,null,45.51,43.41,171.36,142.8]
[8,"011103004001","卷材","套",10,null,60,600,null,null,60]
[null,"价","卷材","套",10,null,60,600,null,null,60]
[9,"011707004001","人工","工日",10,null,154.65,1546.5,121.51,{"$nulls":3},19.88,13.26]
[null,"R00002","综合工日","工日",10,null,154.65,1546.5,121.51,{"$nulls":3},19.88,13.26]
{"$rows_empty":11}
[null,"合计",{"$nulls":5},303154.71]